|
|
|
|
| LEADER |
00000njm a2200000 a 4500 |
| 001 |
vtls009186129 |
| 003 |
SK-MaSNL |
| 005 |
20260301023818.0 |
| 007 |
sd fsngnnmmned |
| 008 |
080225s2007 xo ppnng slo |
| 015 |
|
|
|a SNBJ2010/04-02503
|
| 028 |
2 |
2 |
|a 91 0015-2
|b Opus
|
| 040 |
|
|
|a SNK
|b slo
|c SNK
|e AACR2
|
| 041 |
0 |
|
|a slo
|
| 044 |
|
|
|a xo
|c SK
|
| 072 |
|
7 |
|a 784
|x Vokálna hudba
|2 konspekt
|
| 080 |
|
|
|a 784.4
|2 2001
|
| 080 |
|
|
|a (086.76)
|2 2001
|
| 245 |
0 |
0 |
|a Výber
|h zvukový dokument
|b to najlepšie z albumov, ktoré zmenili tvár slovenskej populárnej hudby
|
| 260 |
|
|
|a Bratislava
|b Opus
|c 2007
|
| 300 |
|
|
|a 1 kompaktná platňa
|b digital, stereo
|c 12 cm
|
| 490 |
1 |
|
|a Slovenské legendárne albumy
|a Hudobná edícia denníka SME
|
| 500 |
|
|
|a Obsahuuje 10 piesní
|
| 500 |
|
|
|a Kompaktná platňa (CD)
|
| 505 |
0 |
|
|a Zvonky, zvoňte/Prúdy -- Vidiečan/Vidiek -- Na Centrálnom trhovisku/Lojzo -- Šlabikár/Tublatanka -- Pod hladinou/Dežo Ursíny, Ivan Štrpka -- Udavač/Bez ladu a skladu -- Bolo nás jedenásť/Jaro Filip, Milan Lasica -- Držím Ti miesto/ Team -- Slovenské tango/ Banket -- Zem menom láska/Marika Gombitová
|
| 511 |
0 |
|
|a Účinkujú: Dežo Ursíny, Ivan Štrpka, Milan Lasica, Július Satinský, Jaroslav Filip, Marika Gombitová ; hudobné skupiny: Prúdy, Vidiek, Lojzo, Tublatanka, Bez ladu a skladu, Team, Banket
|
| 650 |
0 |
7 |
|a populárne piesne
|2 SNKPH
|9 3446
|
| 655 |
|
7 |
|a kompaktné platne
|2 SNKPH
|9 70690
|
| 700 |
1 |
|
|a Ursiny, Dežo,
|d 1947-1995
|4 prf
|9 106983
|
| 700 |
1 |
|
|a Štrpka, Ivan,
|d 1944-
|4 prf
|9 101961
|
| 700 |
1 |
|
|a Lasica, Milan,
|d 1940-2021
|4 prf
|9 93511
|
| 700 |
1 |
|
|a Satinský, Július,
|d 1941-2002
|4 prf
|9 101708
|
| 700 |
1 |
|
|a Filip, Jaroslav,
|d 1949-2000
|4 prf
|9 98589
|
| 700 |
1 |
|
|a Gombitová, Marika,
|d 1956-
|4 prf
|9 98860
|
| 710 |
2 |
|
|a Prúdy (hudobná skupina)
|4 prf
|9 30165
|
| 710 |
2 |
|
|a Vidiek (hudobná skupina)
|4 prf
|9 32485
|
| 710 |
2 |
|
|a Lojzo (hudobná skupina)
|4 prf
|9 30460
|
| 710 |
2 |
|
|a Tublatanka (hudobná skupina)
|4 prf
|9 32481
|
| 710 |
2 |
|
|a Bez ladu a skladu (hudobná skupina)
|4 prf
|9 35208
|
| 710 |
2 |
|
|a Team (hudobná skupina)
|4 prf
|9 33072
|
| 710 |
2 |
|
|a Banket (hudobná skupina)
|4 prf
|9 31992
|
| 830 |
|
0 |
|a Slovenské legendárne albumy
|9 316003
|
| 830 |
|
0 |
|a Hudobná edícia denníka SME
|9 316004
|
| 999 |
|
|
|c 569913
|d 571843
|
| 952 |
|
|
|a SNK
|b SNK
|y PREZ
|7 0
|p 17A0645325
|o snkSCD 2207
|i snk2008/4536
|8 0
|0 0
|1 0
|4 0
|d 2008-02-25
|l 0
|r 2026-02-23 14:11:59
|w 2026-02-23
|